Ascética meditada / [por] Salvador Canals

में बचाया:
ग्रंथसूची विवरण
मुख्य लेखक: Canals, Salvador (autor)
स्वरूप: पुस्तक
श्रृंखला:Patmos, libros de espiritualidad ; 110
विषय:
टैग: टैग जोड़ें
कोई टैग नहीं, इस रिकॉर्ड को टैग करने वाले पहले व्यक्ति बनें!

MARC

LEADER 00000nam^a2200000^u^4500
001 000545316
005 20250521000000.0
008 060220s1000^^^^^^^^^^^^r^^^^^000^0^spa^d
009 20260310131345.985
035 |a FMI 000014705 
037 |a Acervo Xavier Clavigero 
096 |a 4.5/4/E 
100 |a Canals, Salvador  |e (autor) 
245 1 0 |a Ascética meditada / [por] Salvador Canals 
264 |a Madrid : Rialp, 1965 
300 |a 202 p. 
336 |a texto  |b txt  |2 rdacontenido 
337 |a sin mediación  |b n  |2 rdamedio 
338 |a volumen  |b nc  |2 rdasoporte 
440 0 |a Patmos, libros de espiritualidad ; 110 
649 |a XX 
650 |a ASCETICA Y MISTICA 2. ESPIRITUALIDAD MODERNA 
910 |a Fondo Francisco Migoya Covarrubias S.J. 
920 |a Impresos - Libros 
930 |a Fondos Especiales 
905 |a 134 
901 |a SBC22026  |b IT2  |c ESP  |u 20250521 
902 |a https://opac.biblio.iteso.mx/vufind/Record/000545316